Début de chansons - Statistiques

Statistiques générales
  • Ce quiz a été pris 105 fois
  • Le résultat moyen est 14 sur 30
Statistiques - réponses
Hint Réponse % Correct
Je vous parle d'un temps que les moins de vingt ans ne peuvent pas connaître La Bohème - Charles Aznavour
91%
Donnez-moi une suite au Ritz, je n'en veux pas Je veux - Zaz
87%
Rue déserte, dernière cigarette, plus rien ne bouge Les Démons de Minuit - Images
82%
J'avais dessiné sur le sable, son doux visage qui me souriait Aline - Christophe
74%
Hé toi, qu'est-ce que tu regardes? La Grenade - Clara Luciani
74%
Taille-moi les hanches à la hache La Femme Chocolat - Oliva Ruiz
73%
Non, ce n'était pas le radeau, de la Méduse, ce bateau Les Copains d'abord - Georges Brassens
73%
Un beau jour ou peut-être une nuit L'Aigle Noir - Barbara
68%
Je suis amoureuse d'une terre sauvage Africa - Rose Laurens
66%
Cinq heures du mat' j'ai des frissons Chacun fait (c'qui lui plait) - Chagrin d'Amour
55%
J'abandonne sur une chaise le journal du matin Déjeuner en Paix - Stephan Eicher
54%
Je suis une cruche, percée de plus Pas là - Vianney
54%
J'pourrais jouer l'faux héros, au milieu des flammes Popcorn salé -Santa
48%
J'ai vécu sous des posters, à me croire le seul à connaître, tout de vous Fan - Pascal Obispo
47%
Derrière ta cigarette, dans mon cœur, t'as fait un tabac Ta Marinière - Hoshi
47%
Dis-moi, pourquoi t'es comme ça, pourquoi ça va pas N'importe quoi - Florent Pagny
44%
A l'arrière des berlines Osez Joséphine - Alain Bashung
40%
Comprendrais-tu ma belle, qu'un jour, fatigué L'Autre Finistère - Les Innocents
34%
Je serai pendu demain matin, ma vie n'était pas faite, pour les châteaux Le Bal de Laze - Michel Polnareff
34%
J'étais cool, assis sur un banc, c'était au printemps Caroline - MC Solaar
33%
Cette étrange cigarette ne nous rend pas hagard L'Apologie - Matmatah
29%
Le coeur bien au chaud, les yeux dans la bière, chez la grosse Adrienne de Montalant Les Bourgeois - Jacques Brel
28%
Un terrain vague, de vagues clôtures, un couple divague sur la maison future Quatre murs et un toit - Bénabar
28%
J'suis un mannequin glacé, avec un teint de soleil L'Homme pressé - Noir Désir
26%
Je vends mon auto puisque je roule trop vite, et que ça me fait peur Rue de la Paix - Zazie
26%
Je suis resté qu'un enfant, qu'aurait grandi trop vite J'veux du Soleil - Au P'tit Bohneur
25%
Un après-midi d'automne, on avait trouvé un moyen de locomotion Mangez-moi! Mangez-moi! - Billy ze Kick et les Gamins en Folie
25%
J´ai fait le tour du monde, si tu savais comme j´ai été déçue Ma Prière - Axelle Red
20%
Matin d'hiver sur le palier, tu rentres chez toi Parapluie - Jeck
19%
Et si tu dansais toute nue mon amour La Fin du Monde pour dans 10 minutes - Cali
14%
Aucun quiz correspondant
Distribution des résultats
% des personnes avec chaque résultat
Percentile par nombre de réponses
Votre historique - résultats
Vous n’avez pas pris ce quiz